<?xml version="1.0" encoding="UTF-8"?>
<record
    xmlns:xsi="http://www.w3.org/2001/XMLSchema-instance"
    xsi:schemaLocation="http://www.loc.gov/MARC21/slim http://www.loc.gov/standards/marcxml/schema/MARC21slim.xsd"
    xmlns="http://www.loc.gov/MARC21/slim">

  <leader>00690cam a2200205 a 4500</leader>
  <datafield tag="010" ind1=" " ind2=" ">
    <subfield code="a"> </subfield>
  </datafield>
  <datafield tag="020" ind1=" " ind2=" ">
    <subfield code="a">9788131728994</subfield>
  </datafield>
  <datafield tag="040" ind1=" " ind2=" ">
    <subfield code="a">DLC</subfield>
    <subfield code="c">DLC</subfield>
    <subfield code="d">DLC</subfield>
  </datafield>
  <datafield tag="082" ind1="0" ind2="0">
    <subfield code="a">621.3822</subfield>
    <subfield code="2">20</subfield>
  </datafield>
  <datafield tag="100" ind1="1" ind2=" ">
    <subfield code="a">Kay, Steven M.,</subfield>
  </datafield>
  <datafield tag="245" ind1="1" ind2="0">
    <subfield code="a">Fundamentals of statistical signal processing  estimation theory part 1</subfield>
    <subfield code="c">Steven M. Kay.</subfield>
  </datafield>
  <datafield tag="260" ind1=" " ind2=" ">
    <subfield code="a">Englewood Cliffs, N.J. :</subfield>
    <subfield code="b">Pearson</subfield>
    <subfield code="c">2010.</subfield>
  </datafield>
  <datafield tag="300" ind1=" " ind2=" ">
    <subfield code="a">1 v. :</subfield>
    <subfield code="b">ill. ;</subfield>
    <subfield code="c">25 cm.</subfield>
  </datafield>
  <datafield tag="440" ind1=" " ind2="0">
    <subfield code="a">Prentice Hall signal processing series</subfield>
    <subfield code="9">102988</subfield>
  </datafield>
  <datafield tag="504" ind1=" " ind2=" ">
    <subfield code="a">Includes bibliographical references and index.</subfield>
  </datafield>
  <datafield tag="505" ind1="0" ind2=" ">
    <subfield code="a">v. 1. Estimation theory.</subfield>
  </datafield>
  <datafield tag="650" ind1=" " ind2="0">
    <subfield code="a">Signal detection</subfield>
    <subfield code="x">Statistical methods.</subfield>
    <subfield code="9">122611</subfield>
  </datafield>
  <datafield tag="650" ind1=" " ind2="0">
    <subfield code="a">Estimation theory.</subfield>
    <subfield code="9">10694</subfield>
  </datafield>
  <datafield tag="942" ind1=" " ind2=" ">
    <subfield code="2">ddc</subfield>
    <subfield code="c">BK</subfield>
  </datafield>
  <datafield tag="999" ind1=" " ind2=" ">
    <subfield code="c">11373</subfield>
    <subfield code="d">11373</subfield>
  </datafield>
  <datafield tag="952" ind1=" " ind2=" ">
    <subfield code="0">0</subfield>
    <subfield code="1">0</subfield>
    <subfield code="4">0</subfield>
    <subfield code="7">0</subfield>
    <subfield code="8">NFIC</subfield>
    <subfield code="a">CL</subfield>
    <subfield code="b">CL</subfield>
    <subfield code="c">GEN</subfield>
    <subfield code="d">2012-12-13</subfield>
    <subfield code="e">Allied Book Company</subfield>
    <subfield code="g">540.00</subfield>
    <subfield code="l">5</subfield>
    <subfield code="o">621.3822 KAY</subfield>
    <subfield code="p">SEECS011725</subfield>
    <subfield code="r">2021-09-28</subfield>
    <subfield code="s">2019-07-16</subfield>
    <subfield code="w">2012-12-18</subfield>
    <subfield code="y">BK</subfield>
  </datafield>
  <datafield tag="952" ind1=" " ind2=" ">
    <subfield code="0">0</subfield>
    <subfield code="1">0</subfield>
    <subfield code="4">0</subfield>
    <subfield code="7">0</subfield>
    <subfield code="8">NFIC</subfield>
    <subfield code="a">CL</subfield>
    <subfield code="b">CL</subfield>
    <subfield code="c">GEN</subfield>
    <subfield code="d">2012-12-13</subfield>
    <subfield code="e">Allied Book Company</subfield>
    <subfield code="g">540.00</subfield>
    <subfield code="l">5</subfield>
    <subfield code="m">2</subfield>
    <subfield code="o">621.3822 KAY</subfield>
    <subfield code="p">SEECS011726</subfield>
    <subfield code="r">2022-07-18</subfield>
    <subfield code="s">2020-02-03</subfield>
    <subfield code="w">2012-12-18</subfield>
    <subfield code="y">BK</subfield>
  </datafield>
  <datafield tag="952" ind1=" " ind2=" ">
    <subfield code="0">0</subfield>
    <subfield code="1">0</subfield>
    <subfield code="4">0</subfield>
    <subfield code="7">0</subfield>
    <subfield code="8">NFIC</subfield>
    <subfield code="a">CL</subfield>
    <subfield code="b">CL</subfield>
    <subfield code="c">GEN</subfield>
    <subfield code="d">2012-12-13</subfield>
    <subfield code="e">Allied Book Company</subfield>
    <subfield code="g">540.00</subfield>
    <subfield code="l">5</subfield>
    <subfield code="m">3</subfield>
    <subfield code="o">621.3822 KAY</subfield>
    <subfield code="p">SEECS011727</subfield>
    <subfield code="r">2021-09-30</subfield>
    <subfield code="s">2020-01-17</subfield>
    <subfield code="w">2012-12-18</subfield>
    <subfield code="y">BK</subfield>
  </datafield>
  <datafield tag="952" ind1=" " ind2=" ">
    <subfield code="0">0</subfield>
    <subfield code="1">0</subfield>
    <subfield code="4">0</subfield>
    <subfield code="7">0</subfield>
    <subfield code="8">NFIC</subfield>
    <subfield code="a">CL</subfield>
    <subfield code="b">CL</subfield>
    <subfield code="c">GEN</subfield>
    <subfield code="d">2012-12-13</subfield>
    <subfield code="e">Allied Book Company</subfield>
    <subfield code="g">540.00</subfield>
    <subfield code="l">4</subfield>
    <subfield code="o">621.3822 KAY</subfield>
    <subfield code="p">SEECS011728</subfield>
    <subfield code="r">2020-11-05</subfield>
    <subfield code="s">2016-09-01</subfield>
    <subfield code="w">2012-12-18</subfield>
    <subfield code="y">BK</subfield>
  </datafield>
  <datafield tag="952" ind1=" " ind2=" ">
    <subfield code="0">0</subfield>
    <subfield code="1">0</subfield>
    <subfield code="4">0</subfield>
    <subfield code="7">0</subfield>
    <subfield code="8">NFIC</subfield>
    <subfield code="a">CL</subfield>
    <subfield code="b">CL</subfield>
    <subfield code="c">GEN</subfield>
    <subfield code="d">2006-11-06</subfield>
    <subfield code="e">Star Book</subfield>
    <subfield code="g">5772.01</subfield>
    <subfield code="l">2</subfield>
    <subfield code="o">621.3822 KAY</subfield>
    <subfield code="p">SEECS007782</subfield>
    <subfield code="r">2024-05-29</subfield>
    <subfield code="s">2018-10-04</subfield>
    <subfield code="w">2013-06-05</subfield>
    <subfield code="y">BK</subfield>
  </datafield>
</record>
